[Event "Tepe Sigeman 2026"]
[Site "Elite Plaza Hotel, Gustav Ado"]
[Date "2026.05.07"]
[Round "9.1"]
[White "Carlsen, Magnus"]
[Black "Erigaisi Arjun"]
[Result "0-1"]
[WhiteElo "2869"]
[BlackElo "2776"]
[PlyCount "78"]
[EventDate "2026.??.??"]
[WhiteTeam "NOR"]
[BlackTeam "IND"]
[TimeControl "180+2"]
[WhiteClock "0:00:10"]
[BlackClock "0:00:38"]

1. e4 {[%emt 0:00:01]} d6 {[%emt 0:00:01]} 2. d4 {[%emt 0:00:04]} Nf6 {[%emt 0:00:01]} 3. Nc3 {[%emt 0:00:01]} g6 {[%emt 0:00:02]} 4. Nf3 {[%emt 0:00:01]} Bg7 {[%emt 0:00:01]} 5. Be2 {[%emt 0:00:02]} O-O {[%emt 0:00:03]} 6. O-O {[%emt 0:00:02]} e6 {[%emt 0:00:01]} 7. a4 {[%emt 0:00:13]} ({RR} 7. e5 dxe5 8. dxe5 Qxd1 9. Rxd1 Nfd7 10. Nb5 a6 11. Nbd4 Nxe5 12. Bf4 Nbd7 13. c3 Nxf3+ 14. Nxf3 e5 15. Be3 Re8 16. Bc4 h6 17. Nd2 Nf6 18. Nb3 b6 19. a4 a5 20. Bb5 Rf8 21. Bc6 Rb8 {Yermolinsky,A (2625)-Benjamin,J (2595) Denver 1998 0-1 (72)}) 7... Nc6 {[%emt 0:00:05]} ({RR} 7... a6 8. h3 b6 9. Re1 Bb7 10. e5 Nfd7 11. Bf4 dxe5 12. dxe5 Nc6 13. Bf1 h6 14. Qc1 Kh7 15. Qe3 Nb4 16. Rac1 Qe7 17. h4 Bxf3 18. Qxf3 Qxh4 19. Bg3 Qe7 20. Qe4 a5 21. Nb5 Nc5 22. Qc4 {De Boer,E (2409)-Yeletsky,I (2469) chess.com INT 2025 0-1 (31)}) 8. a5 {[%emt 0:00:03]} Rb8 $146 {[%emt 0:00:12]} ({RR} 8... a6 9. Be3 e5 10. d5 Ne7 11. Nd2 Ne8 12. Na4 f5 13. f3 Kh8 14. c4 Ng8 15. c5 Bh6 16. Qb3 Bxe3+ 17. Qxe3 Ngf6 18. Qc3 Bd7 19. cxd6 cxd6 20. Nb6 Rb8 21. f4 exf4 22. Rxf4 Ng7 23. Raf1 {Narciso Dublan,M (2505)-Tjiam,D (2377) Figueres 2013 1-0 (54)}) ({RR} 8... a6 9. h3 h6 10. Be3 Kh7 11. Re1 Bd7 12. e5 Nd5 13. Nxd5 exd5 14. Bf4 Be6 15. c3 dxe5 16. dxe5 Rc8 17. Bd3 Ne7 18. Nd4 c5 19. Nxe6 fxe6 20. Qg4 c4 21. Bc2 Nf5 22. Be3 h5 23. Qe2 {Friedrich,N (2317)-Rowson,J (2594) Porto Mannu 2007 0-1 (46)}) ({RR} 8... a6 9. Be3 h6 10. h3 Ne7 11. Nh2 d5 12. e5 Ne4 13. Qd3 c5 14. Nxe4 dxe4 15. Qxe4 cxd4 16. Bxd4 Qc7 17. Ng4 Bd7 18. Nf6+ Kh8 19. Bb6 Qc8 20. c4 Bc6 21. Qf4 g5 22. Qe3 Nf5 23. Qc3 {Bellia,F (2432)-Srdjanov,S (2122) Novi Sad 2017 1-0 (43)}) 9. h3 {[%emt 0:00:12]} h6 {[%emt 0:00:03]} 10. Be3 {[%emt 0:00:02]} b6 {[%emt 0:00:04]} 11. a6 {[%emt 0:00:23]} Ne7 {[%emt 0:00:02]} 12. Qd2 {[%emt 0:00:08]} Kh7 {[%emt 0:00:02]} 13. Bd3 {[%emt 0:00:02]} c6 {[%emt 0:00:19]} 14. Ne2 {[%emt 0:00:28]} b5 {[%emt 0:00:11]} 15. Ng3 {[%emt 0:00:02]} Rb6 {[%emt 0:00:12]} 16. b3 {[%emt 0:00:33]} Qc7 {[%emt 0:00:12]} 17. c4 {[%emt 0:00:05]} bxc4 {[%emt 0:00:02]} 18. bxc4 {[%emt 0:00:01]} c5 {[%emt 0:00:19]} 19. d5 {[%emt 0:00:43]} e5 {[%emt 0:00:12]} 20. Nh2 {[%emt 0:00:04]} Bxa6 {[%emt 0:00:09]} 21. f4 {[%emt 0:00:02]} exf4 {[%emt 0:00:03]} 22. Bxf4 {[%emt 0:00:02]} Nd7 {[%emt 0:00:10]} 23. Ra2 {[%emt 0:00:16]} Ne5 {[%emt 0:00:09]} 24. Bxe5 {[%emt 0:00:04]} Bxe5 {[%emt 0:00:02]} 25. Ng4 {[%emt 0:00:01]} Bd4+ {[%emt 0:00:08]} 26. Kh1 {[%emt 0:00:02]} Ng8 {[%emt 0:00:01]} 27. e5 {[%emt 0:00:15]} dxe5 {[%emt 0:00:02]} 28. Ne4 {[%emt 0:00:03]} f5 {[%emt 0:00:07]} 29. Nxh6 {[%emt 0:00:02]} Nxh6 {[%emt 0:00:07]} 30. Ng5+ {[%emt 0:00:01]} Kg7 {[%emt 0:00:01]} 31. Ne6+ {[%emt 0:00:01]} Rxe6 {[%emt 0:00:02]} 32. dxe6 {[%emt 0:00:01]} Bc8 {[%emt 0:00:08]} 33. Qg5 {[%emt 0:00:03]} Bxe6 {[%emt 0:00:03]} 34. Ra6 {[%emt 0:00:00]} Rf6 {[%emt 0:00:03]} 35. Rb1 {[%emt 0:00:01]} e4 {[%emt 0:00:06]} 36. Be2 {[%emt 0:00:01]} Nf7 {[%emt 0:00:03]} 37. Qd2 {[%emt 0:00:01]} Bc8 {[%emt 0:00:06]} 38. Rxf6 {[%emt 0:00:02]} Bxf6 {[%emt 0:00:01]} 39. Qd5 {[%emt 0:00:02]} Bd4 {[%emt 0:00:07]} 0-1

[Event "Tepe Sigeman 2026"]
[Site "Elite Plaza Hotel, Gustav Ado"]
[Date "2026.05.07"]
[Round "10.1"]
[White "Erigaisi Arjun"]
[Black "Carlsen, Magnus"]
[Result "0-1"]
[WhiteElo "2776"]
[BlackElo "2869"]
[PlyCount "72"]
[EventDate "2026.??.??"]
[WhiteTeam "IND"]
[BlackTeam "NOR"]
[TimeControl "150+2"]
[WhiteClock "0:00:06"]
[BlackClock "0:00:11"]

1. d4 {[%emt 0:00:01]} Nf6 {[%emt 0:00:00]} 2. c4 {[%emt 0:00:01]} e6 {[%emt 0:00:00]} 3. Nc3 {[%emt 0:00:01]} d5 {[%emt 0:00:00]} 4. cxd5 {[%emt 0:00:02]} exd5 {[%emt 0:00:00]} 5. Bg5 {[%emt 0:00:01]} Be7 {[%emt 0:00:00]} 6. e3 {[%emt 0:00:01]} h6 {[%emt 0:00:00]} 7. Bh4 {[%emt 0:00:01]} O-O {[%emt 0:00:00]} 8. Bd3 {[%emt 0:00:03]} c6 {[%emt 0:00:00]} 9. Nge2 {[%emt 0:00:04]} Nbd7 {[%emt 0:00:07]} 10. Qc2 {[%emt 0:00:03]} Re8 {[%emt 0:00:06]} 11. O-O {[%emt 0:00:03]} a5 {[%emt 0:00:16]} 12. a4 {[%emt 0:00:05]} Nh5 {[%emt 0:00:02]} 13. Bxe7 {[%emt 0:00:04]} Qxe7 {[%emt 0:00:01]} 14. Rae1 {[%emt 0:00:05]} Ndf6 {[%emt 0:00:15]} ({RR} 14... Nb6 15. Kh1 Bd7 16. Nc1 Nf6 17. Nb3 Qd6 18. f3 Be6 19. Nc5 Nbd7 20. Nxb7 Qb4 21. Nc5 Nxc5 22. dxc5 Qxc5 23. Ne4 Nxe4 24. Bxe4 Qxc2 25. Bxc2 Rab8 26. b3 c5 27. Rd1 Rec8 28. Rb1 f5 29. Kg1 {Fiskaaen,M (2301)-Makarian,R (2535) chess.com INT 2026 0-1 (52)}) 15. Nc1 {[%emt 0:00:06]} Ne4 $146 {[%emt 0:01:00]} ({RR} 15... c5 16. dxc5 Be6 17. Nb5 Rec8 18. Nb3 Nd7 19. Rc1 Nxc5 20. Nxc5 b6 21. Qe2 bxc5 22. Qxh5 Qf6 23. b3 Rab8 24. Qf3 Qg5 25. Qf4 Qh5 26. Rxc5 Rxc5 27. Qxb8+ Rc8 28. Qf4 g5 29. Qf6 g4 30. Nd4 {Shivakumar,A (1822)-Schell,F (1995) Kenilworth ENG 2025 1-0}) ({RR} 15... g6 16. f3 b6 17. Qd2 c5 18. Bb5 Rd8 19. Nd3 Bb7 20. Qf2 Ng7 21. Ne5 Ne6 22. f4 cxd4 23. exd4 Ne4 24. Nxe4 dxe4 25. f5 Nxd4 26. fxg6 f5 27. Nf7 Kg7 28. Rd1 Nxb5 29. Nxd8 Rxd8 30. Rxd8 {Giannoulakis,L (2352)-Samaridis,K (2053) Paphos CYP 2023 1-0 (33)}) ({RR} 15... g6 16. f3 b6 17. Qd2 c5 18. Bb5 Rd8 19. Nd3 Bb7 20. Qf2 Ng7 21. Ne5 Ne6 22. f4 cxd4 23. exd4 Ne4 24. Nxe4 dxe4 25. f5 Nxd4 26. fxg6 f5 27. Nf7 Kg7 28. Rd1 Nxb5 29. Nxd8 Rxd8 30. Rxd8 {Giannoulakis,L (2352)-Samaridis,K (2053) Paphos CYP 2023 1-0 (33)}) 16. f3 {[%emt 0:00:05]} Nxc3 {[%emt 0:00:01]} 17. bxc3 {[%emt 0:00:02]} c5 {[%emt 0:00:01]} 18. e4 {[%emt 0:00:38]} cxd4 {[%emt 0:00:01]} 19. exd5 {[%emt 0:00:13]} Qd8 {[%emt 0:00:07]} 20. cxd4 {[%emt 0:00:21]} Rxe1 {[%emt 0:00:14]} 21. Rxe1 {[%emt 0:00:01]} Nf6 {[%emt 0:00:03]} 22. Qb3 {[%emt 0:00:12]} Bd7 {[%emt 0:00:03]} 23. Bc4 {[%emt 0:00:07]} Ne8 {[%emt 0:00:08]} 24. Nd3 {[%emt 0:00:13]} Nd6 {[%emt 0:00:01]} 25. Ne5 {[%emt 0:00:04]} Qh4 {[%emt 0:00:14]} 26. Rd1 {[%emt 0:00:04]} Be8 {[%emt 0:00:01]} 27. Bf1 {[%emt 0:00:10]} Rc8 {[%emt 0:00:01]} 28. Qb6 {[%emt 0:00:12]} Bxa4 {[%emt 0:00:21]} 29. Ra1 {[%emt 0:00:01]} Qf4 {[%emt 0:00:03]} 30. h3 {[%emt 0:00:16]} Be8 {[%emt 0:00:10]} 31. Rxa5 {[%emt 0:00:08]} Qe3+ {[%emt 0:00:04]} 32. Kh2 {[%emt 0:00:01]} Qf4+ {[%emt 0:00:01]} 33. Kg1 {[%emt 0:00:02]} Nf5 {[%emt 0:00:12]} 34. Ra1 {[%emt 0:00:03]} Qe3+ {[%emt 0:00:00]} 35. Kh2 {[%emt 0:00:01]} Nxd4 {[%emt 0:00:00]} 36. Ng4 {[%emt 0:00:03]} Nxf3+ {[%emt 0:00:00]} 0-1